| 000 | 00553nam a2200241Ia 4500 | ||
|---|---|---|---|
| 001 | 119457 | ||
| 003 | YMCAF | ||
| 005 | 20230512163601.0 | ||
| 008 | 181126s2017 ||||||||||||||||| ||und|d | ||
| 020 | _a9789352710829 | ||
| 024 | _a119457 | ||
| 035 | _aBB16365 | ||
| 040 |
_aYMCAF _beng _cIN-KoLT |
||
| 041 | _aeng | ||
| 082 |
_a512 _bSHA |
||
| 100 | _aShah, Sudesh K. | ||
| 245 | 0 | _aTextbook of algebra | |
| 260 |
_aNoida _bVikas publishing house _c2017 |
||
| 300 | _a358 | ||
| 653 | _aMaths-Algebra | ||
| 700 | _aGarg, S.c. | ||
| 942 |
_2ddc _cBK |
||
| 999 |
_c16066 _d16066 |
||